• 首页
  • 本馆介绍
  • 公告通知
  • 最新文献
  • 馆藏检索
  • 电子资源
  • 读者导购
  • 参考咨询
  • 我的图书馆
  • 登录
  • 详细信息显示
  • 放入我的书架
  • 预约/预借图书
  • 作者相关作品
  • 分类相关作品
  • 丛书相关作品
  • 出版社相关作品

书目信息

  • 表格格式
  • 工作单格式
  • 卡片格式
题名:
中华优秀传统文化教学实施与研究
    
 
作者: 朱学贤 著
分册:  
出版信息: 广州   华南理工大学出版社  2020.1
页数: 207页
开本: 24cm
丛书名:
单 册:
中图分类: G623.752
科图分类:
主题词: 剪纸--教学研究--小学
电子资源:
ISBN: 978-7-5623-6231-9
000 00940nam0 2200229 45
001 012001001940
005 20140821151556.0
010    @a978-7-5623-6231-9@dCNY46.00
100    @a20200530d2020 em y0chiy0110 ea
101 0  @achi
102    @aCN@b440000
105    @aa z 000yy
106    @ar
200 1  @a中华优秀传统文化教学实施与研究@Azhong hua you xiu chuan tong wen hua jiao xue shi shi yu yan jiu@e以广州市金碧第一小学佛山剪纸教学为例@f朱学贤著
210    @a广州@c华南理工大学出版社@d2020.1
215    @a207页@c图@d24cm
330    @a本书主要是通过金碧第一小学的实践研究,重新整合适合佛山剪纸的教学法--“讲授-示范”“情境”“研讨-探究”“练习”“电化”等教学方法,设计“两环互动、分段多层”的教学模式,运用评价辅助教学等探讨如何实施中华优秀传统文化的教学。
606 0  @a剪纸@x教学研究@x小学
690    @aG623.752@v5
701  0 @a朱学贤@Azhu xue xian@4著
801    @aCN@bAHXH@c20210922
905    @b1249776-80@dG623.752@e1501@f5
    
    中华优秀传统文化教学实施与研究:以广州市金碧第一小学佛山剪纸教学为例/朱学贤著.-广州:华南理工大学出版社,2020.1
    207页:图;24cm
    
    
    ISBN 978-7-5623-6231-9:CNY46.00
    本书主要是通过金碧第一小学的实践研究,重新整合适合佛山剪纸的教学法--“讲授-示范”“情境”“研讨-探究”“练习”“电化”等教学方法,设计“两环互动、分段多层”的教学模式,运用评价辅助教学等探讨如何实施中华优秀传统文化的教学。
●
相关链接 在E读中查询图书 在五车中查询图书 在当当中查询图书 在豆瓣中查询图书


正题名:中华优秀传统文化教学实施与研究     索取号:G623.752/1501         预约/预借

序号 登录号 条形码 馆藏地/架位号 状态 备注
1 1249776   212497760   第一样本阅览室/ [索取号:G623.752/1501] 在馆    
2 1249777   212497779   教育系资料室/ [索取号:G623.752/1501] 在馆    
3 1249778   212497788   教育系资料室/ [索取号:G623.752/1501] 在馆    
4 1249779   212497797   第四借阅区/ [索取号:G623.752/1501] 在馆    
5 1249780   212497804   第四借阅区/ [索取号:G623.752/1501] 在馆    
唐山师范学院图书馆 欢迎您!
大连网信软件有限公司© 版权所有